00417nam a2200145Ia 4500008004100000020001500041041000800056082001800064100003100082245010900113250000600222260002100228300001300249650000900262210716s2003 xx 000 0 und d a0891061789 aeng a658.4092 KLEM aKlein, Merom; Napier, Rod. aCourage to act: 5 factors of courage to transform business.b5 factors of courage to transform business. a1 aCaliforniac2003 axxiv,239 aNone